Derecho tributario (Record no. 87386)

MARC details
000 -LEADER
campo de control de longitud fija 00716nam a2200205 i 4500
001 - NÚMERO DE CONTROL
campo de control 87386
003 - IDENTIFICADOR DE NÚMERO DE CONTROL
campo de control ES-MaACL
005 - FECHA Y HORA DE LA ÚLTIMA TRANSACCIÓN
campo de control 20250809022812.0
007 - CAMPO FIJO DE DESCRIPCIÓN FÍSICA--INFORMACIÓN GENERAL
campo de control de longitud fija t|
008 - DATOS DE LONGITUD FIJA--INFORMACIÓN GENERAL
campo de control de longitud fija 041221s1978 sp ||||1| spa d
100 1# - ENTRADA PRINCIPAL--NOMBRE DE PERSONA
Nombre de persona Kruse, Heinrich Wilhelm.
9 (RLIN) 68924
245 10 - MENCIÓN DEL TÍTULO
Título Derecho tributario
Resto del título : parte general /
Mención de responsabilidad, etc. Heinrich Wilhelm Kruse ; con una introducción de Perfecto Yebra Martul-Ortega.
250 ## - MENCION DE EDICION
Mención de edición 3ª ed.
260 ## - PUBLICACIÓN, DISTRIBUCIÓN, ETC.
Lugar de publicación, distribución, etc. [Madrid] :
Nombre del editor, distribuidor, etc. Editorial de Derecho Financiero :
-- Editoriales de Derecho Reunidas,
Fecha de publicación, distribución, etc. [1978]
300 ## - DESCRIPCIÓN FÍSICA
Extensión 651 p. ;
Dimensiones 23 cm.
650 #7 - PUNTO DE ACCESO ADICIONAL DE MATERIA--TÉRMINO DE MATERIA
Término de materia o nombre geográfico como elemento de entrada Derecho fiscal
Fuente del encabezamiento o término embne
9 (RLIN) 153335
700 1# - ENTRADA AGREGADA--NOMBRE PERSONAL
Nombre de persona Yebra Martul-Ortega, Perfecto.
9 (RLIN) 117605
852 ## - LOCALIZACIÓN
Ubicación ES-MaACL
Número de control de estantería A-6286
Sublocalización o colección R.98445
Holdings
Estatus retirado Estado de pérdida Estado de daño No para préstamo Biblioteca de origen Biblioteca actual Ubicación en estantería Fecha de adquisición Fuente de adquisición Total de préstamos Signatura topográfica completa Código de barras Visto por última vez Precio de reemplazo Tipo de ítem Koha
        Biblioteca del Ateneo de Madrid Biblioteca del Ateneo de Madrid Sala Pecera Planta 1 17/01/2008     A-6286 1091295 23/02/2023 23/02/2023 Libro impreso